000
00224 a2200097 4500
001
18141
100
_a
Howe, C
245
_a
Employment & Eco growth in urban china 1949-57
260
_a
_b
Cambridge
_c
090
_c
13435
_d
13435
942
_a
NUST-CAE
_c
M
_c
3820
999
_c
253214
_d
253214